000 00565nam a22001817a 4500
999 _c172350
_d172350
005 20201116145308.0
010 _aENG-127621
020 _a9789388927246
_c150.00
035 _aEN-111153
037 _bDBAD/PUB
082 _a000
100 _aSwadia,Bhavik U
245 _aCommerce and Management MCQ :
_cnet,set and other competitive Exams/
_bby Bhavik U Swadia [and] Jaimin Patel
260 _aAhmedabad
_bVedant
_c2019
270 _bAhmedabad
_aRajkot, Ahmedabad Surat
_e360003
300 _a108p.
_b21cm(pbk)
942 _2ddc
_cEN
_h000
_mSWA